000 01489nam0a2200301 4500
001 RU\NLR\bibl\1804551
005 20250616151343.0
010 _a978-5-91630-060-4
_9500
021 _aRU
_b2011-58293
_94124
035 _a(NLR Aleph) 001795202
090 _a1778702
_c1778702
100 _a20110901d2011 |||y0rusy50 ca
101 0 _arus
102 _aRU
105 _aa |||||||||
200 1 _aСтратегия развития промышленных предприятий: научно-практический аспект
_fЕ.С. Авдеева
_gпод ред. д.э.н., проф. В.Т. Денисова
_gМ-во образования и науки Рос. Федерации, Гос. образоват. учреждение высш. проф. образования "Рос. гос. торгово-экон. ун-т", Сарат. ин-т
210 _aСаратов
_cИзд-во Саратовского института РГТЭУ
_d2011
215 _a126, [1] с.
_cил.
_d20
320 _aБиблиогр. в конце кн. (131 назв.)
606 1 _aПромышленные предприятия
_xСтратегическое управление
_92104829
_3RU\NLR\auth\661272583
686 _aУ30(2)-212.4
700 1 _aАвдеева
_bЕ. С.
_gЕкатерина Сергеевна
_4070
801 0 _aRU
_bNLR
_c20110901
_gRCR
801 1 _aRU
_bNLR
_c20110901
942 _cBOOK
980 _aNB
980 _aNBR